000
00382nam a2200109Ia 4500
008
221009s9999 xx 000 0 und d
082
_a
954
100
_a
श्रीवास्तव, रामसेवक
_9
63092
245
0
_a
स्वतंत्रता संग्राम
260
_b
नेशनल बुक ट्रस्ट इंडिया
942
_c
BK
999
_c
64997
_d
64997